[Event "New York Open"]
[Site "New York USA"]
[Date "2000.05.08"]
[Round "6"]
[White "Schneider,D"]
[Black "Nataf,IA"]
[Result "0-1"]
[WhiteElo "2329"]
[BlackElo "2529"]

1.e4 c5 2.Nf3 Nc6 3.Nc3 g6 4.d4 cxd4 5.Nxd4 Bg7 6.Be3 Nf6 7.Be2 O-O 8.f4 d6
9.Nb3 a5 10.a4 Be6 11.O-O Nd7 12.f5 Bxb3 13.cxb3 Nc5 14.Bc4 Ne5 15.Bd5 Re8
16.Bxc5 dxc5 17.Bxb7 Qxd1 18.Raxd1 Rab8 19.Ba6 Rxb3 20.Bb5 Rb8 21.Nd5 Kf8
22.Nc7 Bf6 23.Nd5 Rxb2 24.Nxf6 exf6 25.fxg6 hxg6 26.Rxf6 c4 27.Rf2 Rb4 28.Rc2 Rc8
29.Kf2 Ke7 30.h3 f6 31.Ke2 Rc7 32.Rc3 Rb2+ 33.Kf1 Rc8 34.Ba6 Rc6 35.Bb5 Rc8
36.Ba6 Rc7 37.Bb5 Rb3 38.Rc2 Rc8 39.Rdc1 Ra3 40.Ke2 Rd8 41.Bxc4 Rxa4 42.Bd5 f5
43.Rc5 f4 44.Rb5 Ra3 45.Bb3 Kf6 46.Rcc5 Re8 47.Rb6+ Kg7 48.Rc7+ Kh6 49.Ra7 Nc4
50.Rbb7 Nd6 51.Rh7+ Kg5 52.Bd5 Nxe4 53.Bc6 Ng3+ 54.Kd1 Rd8+ 55.Bd7 Nf5 56.Ke2 Ra2+
57.Kf3 Nh4+ 58.Ke4 Rb8 59.Ra6 Nxg2 60.Rf7 Rb4+ 61.Ke5 Nh4 62.Bc6 Ra3  0-1

[Event "3rd Open"]
[Site "Tanta City EGY"]
[Date "2000.05.10"]
[Round "7"]
[White "Salmensuu,O"]
[Black "Navrotescu,C"]
[Result "1-0"]
[WhiteElo "2418"]
[BlackElo "2439"]

1.e4 c5 2.Nc3 Nc6 3.Nf3 e5 4.Bc4 Be7 5.d3 d6 6.Nd2 Bg5 7.h4 Bxd2+ 8.Bxd2 Nf6
9.a4 O-O 10.Bg5 h6 11.Nd5 hxg5 12.hxg5 Ng4 13.Qd2 Be6 14.f3 Ne7 15.fxg4 Bxd5
16.Bxd5 Nxd5 17.exd5 g6 18.d4 exd4 19.Ra3 Kg7 20.Qf4 Rh8 21.O-O Qe7 22.Raf3 Rhf8
23.Rh3 Rh8 24.Qf6+ Qxf6 25.gxf6+ Kg8 26.Re1 Rxh3 27.gxh3 Kf8 28.Re7 Re8 29.Rxb7 c4
30.Kf2 d3 31.cxd3 cxd3 32.Re7 Rb8 33.Ke3 Rxb2 34.Rxa7 Rb8 35.Kxd3 Rb3+ 36.Ke4 Rb4+
37.Ke3 Rb3+ 38.Kf4 Rb4+ 39.Kg5  1-0

[Event "ch-RUS Women"]
[Site "Elista RUS"]
[Date "2000.05.11"]
[Round "1"]
[White "Mirzoeva,E"]
[Black "Mashinskaya,I"]
[Result "0-1"]
[WhiteElo "2258"]
[BlackElo "2381"]

1.e4 c5 2.Nf3 Nc6 3.Nc3 e6 4.Bb5 Nd4 5.Nxd4 cxd4 6.Nb1 a6 7.Be2 d5 8.exd5 Qxd5
9.O-O Bd6 10.Bf3 Qc5 11.d3 Qc7 12.g3 Bd7 13.c3 dxc3 14.Nxc3 Ne7 15.d4 O-O
16.Bg5 Bc6 17.Rc1 Qb6 18.d5 exd5 19.Nxd5 Nxd5 20.Bxd5 Bb5 21.Qg4 Be5 22.Rfd1 Qg6
23.Qh4 Rab8 24.b3 h6 25.Be7 Rfe8 26.f4 Bb2 27.Rb1 Bd4+ 28.Kg2 Bc6 29.Bxc6 Qxc6+
30.Kh3 Qd7+ 31.f5 Rxe7 32.Qxd4 Qxf5+ 33.Qg4 Qxg4+ 34.Kxg4 Re2 35.Rd7 Rxh2
36.Rf1 h5+ 37.Kg5 Rf8 38.a4 Rh3 39.Kf4 h4 40.Kg4 Rxg3+ 41.Kxh4 Rxb3 42.Rc1 b5
43.axb5 Rxb5 44.Rcc7 Rf5 45.Kg4 g6 46.Ra7 a5 47.Rdc7 Re8 48.Rc4 Re1 49.Kg3 Rg1+
50.Kh2 Ra1 51.Kg2 Ra3 52.Rcc7  0-1

[Event "Israeli League"]
[Site "Ramat Aviv ISR"]
[Date "2000.05.12"]
[Round "11"]
[White "Zalkind,K"]
[Black "Ribshtein,N"]
[Result "1/2-1/2"]
[WhiteElo "2250"]
[BlackElo "2362"]

1.e4 c5 2.Nc3 Nc6 3.Bb5 Nd4 4.Bc4 e6 5.Nge2 Ne7 6.Nxd4 cxd4 7.Ne2 Nc6 8.O-O Be7
9.d3 O-O 10.Bb3 f5 11.Bd2 b6 12.Nf4 Bd6 13.f3 Qc7 14.g3 Kh8 15.Qe2 Bb7 16.Nh3 Rae8
17.Rae1 Bb4 18.f4 fxe4 19.dxe4 Bc5 20.Qd3 h6 21.a3 Qc8 22.Nf2 d6 23.Qe2 Ne7
24.Nd3 b5 25.Qh5  1/2-1/2

[Event "ch-RUS Women"]
[Site "Elista RUS"]
[Date "2000.05.13"]
[Round "3"]
[White "Mirzoeva,E"]
[Black "Kochetkova,J"]
[Result "1-0"]
[WhiteElo "2258"]
[BlackElo "2197"]

1.e4 c5 2.Nf3 Nc6 3.Nc3 e6 4.Bb5 Nge7 5.O-O Ng6 6.Re1 Qc7 7.Bxc6 bxc6 8.e5 Be7
9.b3 f6 10.exf6 Bxf6 11.Rb1 O-O 12.Ne4 Be7 13.Bb2 d5 14.Ng3 d4 15.c3 e5 16.cxd4 cxd4
17.Qe2 Bg4 18.Qc4+ Rf7 19.Nxe5 Nxe5 20.Qxd4 Bf6 21.Rxe5 Bxe5 22.Qxe5 Qxe5
23.Bxe5 Rd8 24.d4 Be6 25.Rc1 Bd5 26.Rc5 Ra8 27.Ne2 Rd7 28.Nc3 a5 29.f3 Ra6
30.Kf2 Kf7 31.Na4 Re7 32.Bf4 Ra8 33.Bd2 Rae8 34.Nc3 Ra8 35.Nxd5 cxd5 36.Bxa5 Rea7
37.b4 Rd7 38.a4 Ke6 39.Rc2 Kd6 40.Ra2 Rb7 41.Rc2 Rf7 42.Ke3 Re7+ 43.Kf4 Rb7
44.h4 Rf8+ 45.Kg4 Ra8 46.h5 Rf7 47.f4 Rb7 48.Kg5 Rf7 49.f5 Rb7 50.g4 Rf7
51.h6 Rg8 52.b5 gxh6+ 53.Kf4 Rfg7 54.Rc6+ Kd7 55.Rc7+ Kd6 56.Rxg7 Rxg7 57.Bb4+ Kd7
58.a5 h5 59.gxh5 Rg2 60.a6 Kc7 61.Bc5 h6 62.b6+ Kc6 63.b7  1-0

[Event "Capablanca Mem Mixto"]
[Site "Varadero CUB"]
[Date "2000.05.16"]
[Round "8"]
[White "Pazos,P"]
[Black "Calzetta,M"]
[Result "1-0"]
[WhiteElo "2344"]
[BlackElo "2267"]

1.e4 c5 2.Nc3 Nc6 3.Nf3 g6 4.d4 cxd4 5.Nxd4 Bg7 6.Be3 Nf6 7.Bc4 O-O 8.Bb3 d6
9.h3 Nxd4 10.Bxd4 b5 11.O-O Bb7 12.Re1 e5 13.Be3 Nxe4 14.Nxe4 Bxe4 15.a4 bxa4
16.Rxa4 Bc6 17.Ra6 Qc7 18.Bd5 Bxd5 19.Qxd5 Qxc2 20.b4 Rab8 21.Rc1 Qb2 22.Rxa7 e4
23.Rcc7 Be5 24.Bh6 Qxb4 25.g4 Qe1+ 26.Kg2 Bh2 27.Rc1 Qe2 28.Ra2 Rb2 29.Rxb2 Qxb2
30.Qxe4 Be5 31.Bxf8 Qxc1 32.Qa8 Qa1 33.Qe8 h5 34.Bxd6+  1-0

[Event "Open"]
[Site "Pula CRO"]
[Date "2000.05.18"]
[Round "3"]
[White "Pecnik,L"]
[Black "Sveshnikov,E"]
[Result "0-1"]
[WhiteElo "2179"]
[BlackElo "2541"]

1.e4 c5 2.Nf3 Nc6 3.Nc3 e5 4.Bc4 Be7 5.d3 d6 6.Nd2 Nf6 7.Nf1 Bg4 8.f3 Be6
9.Ne3 O-O 10.O-O Ne8 11.g3 Nc7 12.a3 Nd4 13.Ncd5 b5 14.Ba2 Rb8 15.c3 Nc6
16.Nxc7 Qxc7 17.f4 Qd7 18.f5 Bxa2 19.Rxa2 Bg5 20.f6 Bxf6 21.Rxf6 gxf6 22.Ng4 Kh8
23.Nxf6 Qe6 24.Bg5 Rg8 25.Qh5 Rg7 26.Nd5 Rg6 27.Qh4 Kg7  0-1

[Event "Open"]
[Site "Pula CRO"]
[Date "2000.05.21"]
[Round "6"]
[White "Kristovic,M"]
[Black "Brkic,A"]
[Result "1/2-1/2"]
[WhiteElo "2314"]
[BlackElo "2221"]

1.e4 c5 2.Nf3 Nc6 3.Nc3 Nf6 4.d4 cxd4 5.Nxd4 e5 6.Nxc6 bxc6 7.Bd3 Bb4 8.Bd2 O-O
9.O-O Rb8 10.a3 Be7 11.b4 d5 12.Bg5 Be6 13.Qe1 h6 14.Bh4 d4 15.Na4 Nh5 16.Bg3 Nxg3
17.hxg3 c5 18.Nxc5 Bxc5 19.bxc5 Qc7 20.f4 f6 21.c6 exf4 22.gxf4 Qxc6 23.Qa5 Rf7
24.Rab1 Rb6 25.Rb4 Qc3 26.f5 Bb3 27.Rb5 Rc7 28.Qxc3 Rxc3 29.Rxb6 axb6 30.Rd1 Bc4
31.Kh2 Kf7 32.a4 Ke7 33.Rb1 Bxd3 34.cxd3 Rxd3 35.Rxb6 Ra3 36.Rb4 d3 37.Rd4 d2
38.Rxd2 Rxa4 39.Re2 Kd6 40.Kg3 Ke5 41.Kf3 h5 42.Re3 Ra1 43.Rb3 Rf1+ 44.Ke3 Re1+
45.Kf3 Rf1+ 46.Ke3 Re1+ 47.Kf3 Rf1+  1/2-1/2

[Event "Bank Pocztowy Open"]
[Site "Bydgoszcz POL"]
[Date "2000.05.29"]
[Round "2"]
[White "Ziolkowski,D"]
[Black "Dzjuba,V"]
[Result "1/2-1/2"]
[WhiteElo "2169"]
[BlackElo "2274"]

1.e4 c5 2.Nf3 Nc6 3.Nc3 e5 4.Bc4 Be7 5.d3 d6 6.h3 Nf6 7.O-O O-O 8.Nh2 a6
9.a4 Nb4 10.f4 exf4 11.Nd5 Nbxd5 12.exd5 g5 13.h4 h6 14.Bd2 Bf5 15.g3 Qd7
16.hxg5 hxg5 17.gxf4 g4 18.a5 g3 19.Nf3 Bg4 20.Qe1 Nh5 21.Bc3 Rae8 22.Qd2 Qf5
23.Ng5 Bxg5 24.fxg5 Bf3 25.d4 Re4 26.Be2 Rxe2 27.Qxe2 Nf4 28.Qxf3 Qh3 29.Rf2 gxf2+
30.Kxf2 Qh2+ 31.Kf1 Nh3 32.Qg2 Qf4+ 33.Ke2 Re8+ 34.Kd3 Nf2+ 35.Kc4 cxd4 36.Be1 Rc8+
37.Kb3 Ne4 38.c3 Qe3 39.Bd2 Nc5+ 40.Ka2 Qd3 41.Rh1 Qc4+ 42.Kb1 Qd3+ 43.Ka2 Qc4+
44.Kb1  1/2-1/2

[Event "Open A"]
[Site "Lido Estensi ITA"]
[Date "2000.05.30"]
[Round "4"]
[White "Dragojlovic,A"]
[Black "Mauro,A"]
[Result "1/2-1/2"]
[WhiteElo "2437"]
[BlackElo "2231"]

1.e4 c5 2.Nf3 Nc6 3.Nc3 g6 4.Bb5 Bg7 5.O-O Nd4 6.Bc4 d6 7.d3 e6 8.a4 Ne7
9.Bf4 O-O 10.Nxd4 cxd4 11.Nb5 e5 12.Bg5 a6 13.Na3 Kh8 14.c3 f6 15.Bd2 dxc3
16.bxc3 Bd7 17.Nc2 Bc6 18.Nb4 f5 19.Bg5 Bf6 20.Bh6 Bg7 21.Bxg7+ Kxg7 22.Rb1 fxe4
23.Nxc6 bxc6 24.dxe4 d5 25.Ba2 Qd7 26.Qe2 dxe4 27.Rfd1 Qc7 28.Qxe4 Rf4 29.Qe3 Raf8
30.Be6 Nd5 31.Qc5 Nf6 32.Rb6 Rd8 33.Rf1 Qd6 34.Rxc6 Qxc5 35.Rxc5 Rxa4 36.Rxe5 Rd2
37.g3 h5 38.Rc5 Ne4 39.Rc7+ Kf6 40.Bb3 Ra3 41.Bg8 Rxc3 42.Rf7+ Ke5 43.Re1 Rcc2
44.Rf4 Re2 45.Rxe2 Rxe2 46.h4 a5 47.Bh7 a4 48.Bxg6 a3 49.Rf5+ Kd4 50.Ra5 a2
51.Ra4+ Kc3 52.Bxe4 Re1+ 53.Kg2 a1=Q 54.Rxa1 Rxa1 55.Bg6 Ra5 56.g4 Kd4 57.Bxh5 Ke4
58.Bg6+ Kf4 59.Bf5 Ra3 60.h5 Kg5 61.f3 Ra2+ 62.Kg3 Ra3 63.Be4 Rb3 64.Kf2 Ra3
65.Ke2 Rc3 66.Kd2 Ra3 67.Bd3 Rb3 68.Ke3 Rb4 69.Be4 Ra4 70.Bd5 Rb4 71.Kd3 Ra4
72.Bc4 Ra3+ 73.Ke4 Ra4 74.Kd4 Ra5 75.Bd5 Ra7 76.Ke5 Ra6 77.Be6 Ra5+ 78.Kd6 Ra3
79.Bd5 Ra5 80.h6 Kxh6 81.f4 Kg7 82.g5 Ra1 83.Be4 Rg1 84.Ke6 Rg4 85.Ke5 Rg1
86.Kf5 Rg3 87.Ke5 Rg1  1/2-1/2

[Event "zt 1.8"]
[Site "Minsk BLR"]
[Date "2000.05.30"]
[Round "5"]
[White "Kupreichik,V"]
[Black "Gashimov,V"]
[Result "1-0"]
[WhiteElo "2480"]
[BlackElo "2426"]

1.e4 c5 2.Nc3 Nc6 3.Nf3 e5 4.Bc4 Be7 5.d3 Nf6 6.Ng5 O-O 7.f4 d6 8.f5 a6 9.a4 Nb4
10.O-O b6 11.Bb3 Bb7 12.Qe2 d5 13.exd5 Nfxd5 14.Nce4 Nf6 15.Nxf6+ Bxf6 16.Qh5 Bxg5
17.Bxg5 Qd4+ 18.Kh1 Bd5 19.Bxd5 Qxd5 20.Bf6 Qc6 21.Be7 Rfe8 22.f6  1-0

[Event "57th ch-POL"]
[Site "Plock POL"]
[Date "2000.05.30"]
[Round "3"]
[White "Hnydiuk,A"]
[Black "Markowski,T"]
[Result "0-1"]
[WhiteElo "2352"]
[BlackElo "2531"]

1.e4 c5 2.Nf3 Nc6 3.Nc3 g6 4.Bb5 Nd4 5.Nxd4 cxd4 6.Ne2 Bg7 7.c3 a6 8.Bc4 dxc3
9.dxc3 d6 10.Be3 Nf6 11.e5 Ng4 12.exd6 Nxe3 13.fxe3 O-O 14.O-O exd6 15.Qb3 Qe7
16.e4 Bg4 17.Nf4 b5 18.Bd5 Rab8 19.Rae1 a5 20.a3 Bd7 21.Kh1 Rbe8 22.Re2 Kh8
23.Qc2 Qg5 24.Re3 Be5 25.Ref3 Qh6 26.h3 f5 27.Nd3 Bg7 28.Nf2 Qh4 29.Qd3 f4
30.Qd1 Be5 31.Kg1 g5 32.Ng4 Bg7 33.Qe1 Qxe1 34.Rxe1 h5 35.Nf2 g4 36.Rd3 Be5
37.Rb1 Kg7 38.b3 Rc8 39.c4 b4 40.axb4 axb4 41.Rd2 Rc7 42.Rc1 g3 43.Nd1 f3
44.Rd3 f2+ 45.Kf1 Bxh3 46.Ne3 Bd7 47.Nf5+ Bxf5 48.exf5 Rxf5 49.Be4 Rf6 50.Rd5 Rf4
51.Bf3 Re7  0-1

[Event "Bank Pocztowy Open"]
[Site "Bydgoszcz POL"]
[Date "2000.05.31"]
[Round "4"]
[White "Ziolkowski,D"]
[Black "Rybak,T"]
[Result "1-0"]
[WhiteElo "2169"]
[BlackElo "2174"]

1.e4 c5 2.Nf3 Nc6 3.Nc3 g6 4.g3 Bg7 5.d3 d6 6.Bg2 e6 7.O-O Nge7 8.Nh4 O-O
9.f4 f5 10.exf5 gxf5 11.Be3 Rb8 12.a4 a6 13.Nf3 Nd4 14.g4 fxg4 15.Ng5 h6
16.Nge4 Nef5 17.Bf2 Nf3+ 18.Kh1 N5d4 19.h3 e5 20.Nd5 Be6 21.c3 Bxd5 22.cxd4 cxd4
23.f5 Bc6 24.Bxf3 gxf3 25.Qxf3 d5 26.Nc5 Qd6 27.Rg1 Rf7 28.Ne6 Qxe6 29.Rxg7+ Kh8
30.Qh5 Rxf5 31.Qg4 h5 32.Qg3 Rxf2 33.Rg1 Rbf8 34.Rh7+  1-0

[Event "ch-CZE"]
[Site "Opava CZE"]
[Date "2000.05.31"]
[Round "10"]
[White "Hracek,Z"]
[Black "Vokac,M"]
[Result "1-0"]
[WhiteElo "2620"]
[BlackElo "2504"]

1.e4 c5 2.Nc3 Nc6 3.Nf3 d6 4.d4 cxd4 5.Nxd4 e5 6.Nb3 Nf6 7.Bg5 Be7 8.Bxf6 Bxf6
9.Nd5 O-O 10.Bc4 Be6 11.O-O Rc8 12.c3 Bg5 13.Qd3 Kh8 14.Rad1 Ne7 15.Ne3 Bxe3
16.Bxe6 fxe6 17.Qxe3 Qc7 18.Rd3 a5 19.Rfd1 d5 20.Nd2 d4 21.cxd4 Qc2 22.Nf3 Qxb2
23.d5 Qxa2 24.d6 Nc6 25.d7 Rcd8 26.Qc5 Kg8 27.R3d2 Qb3 28.Nxe5 Nxe5 29.Qxe5 a4
30.h3 Qb6 31.Rb2 Qc6 32.Rd6 Qc1+ 33.Kh2 a3 34.Qxe6+ Kh8 35.Rbd2 b5 36.Qe7 Kg8
37.Qe6+ Kh8 38.Qb3 Qc7 39.e5 Ra8 40.Qd5 Rad8 41.Qxb5 Qa7 42.Ra6  1-0

[Event "Dutch Team Championships"]
[Site "Breda NED"]
[Date "2000.06.02"]
[Round "2"]
[White "Thesing,M"]
[Black "Reinderman,D"]
[Result "1/2-1/2"]
[WhiteElo "2444"]
[BlackElo "2561"]

1.e4 c5 2.Nc3 Nc6 3.Bb5 Nd4 4.Nf3 Nxb5 5.Nxb5 a6 6.Nc3 b5 7.d4 cxd4 8.Qxd4 e6
9.Bf4 Bb7 10.O-O-O Nf6 11.Rhe1 Rc8 12.Nd5 Bxd5 13.exd5 Qa5 14.Kb1 Bc5 15.Qd3 O-O
16.Bd2 Qb6 17.dxe6 dxe6 18.Be3 Bxe3 19.Qxe3 Qc7 20.Rd2 Rfd8 21.Rxd8+ Rxd8
22.g3 h6 23.c3 Rd5 24.Ne5 Qd6 25.a3 Nd7 26.Nxd7 Qxd7 27.Kc2 a5 28.Re2 b4
29.cxb4 axb4 30.axb4 Rd4 31.Rd2 Qc7+ 32.Kb1 Rxb4 33.Rc2 Qb7 34.Qc3 Qb5 35.Rd2 Rb3
36.Qc8+ Kh7 37.Qc2+ f5 38.h4 Rb4 39.Qc3 Ra4 40.b3 Qf1+ 41.Kb2 Qa1+ 42.Kc2 Ra2+
43.Kd3 Qf1+ 44.Kd4 e5+ 45.Kc5 Ra8 46.Kb4 Rb8+ 47.Ka3 Ra8+ 48.Kb4 e4 49.Rd7 Rg8
50.Qd4 Rb8+ 51.Ka3 Ra8+ 52.Kb4 Qe1+ 53.Kc4 Qc1+ 54.Kb5 Rb8+ 55.Ka4 Qc6+ 56.Ka3 Qa6+
57.Kb2 Qe2+ 58.Ka3 Rg8 59.Ra7 Qc2 60.b4 Qc1+ 61.Ka4 Qc2+ 62.Ka3 Qc1+ 63.Ka4  1/2-1/2

[Event "zt 1.8"]
[Site "Minsk BLR"]
[Date "2000.06.03"]
[Round "8"]
[White "Dovliatov,S"]
[Black "Kasparov,S"]
[Result "0-1"]
[WhiteElo "2327"]
[BlackElo "2465"]

1.e4 c5 2.Nf3 Nc6 3.Nc3 e5 4.Bc4 d6 5.Nd5 Be7 6.O-O Nf6 7.Nxe7 Qxe7 8.Re1 O-O
9.c3 Be6 10.Bf1 Rad8 11.d4 cxd4 12.cxd4 Bg4 13.d5 Nd4 14.Be3 Bxf3 15.gxf3 Nh5
16.Bxd4 exd4 17.Qxd4 Qh4 18.Kh1 Rfe8 19.Bb5 Re5 20.Rg1 a6 21.Bd3 Qf6 22.Qe3 Nf4
23.Rg4 Nxd5 24.Qe2 h5 25.Rgg1 Nf4 26.Qe3 d5 27.Rad1 Nh3 28.Rge1 dxe4 29.Bxe4 Rxd1
30.Rxd1 Rxe4  0-1

[Event "Bank Pocztowy Open"]
[Site "Bydgoszcz POL"]
[Date "2000.06.04"]
[Round "7"]
[White "Dzjuba,V"]
[Black "Rybak,T"]
[Result "1-0"]
[WhiteElo "2274"]
[BlackElo "2174"]

1.e4 c5 2.Nf3 Nc6 3.Nc3 g6 4.d4 cxd4 5.Nxd4 Bg7 6.Be3 Nf6 7.Bc4 O-O 8.Bb3 a5
9.f3 d5 10.Bxd5 Nxd5 11.exd5 Nb4 12.Nde2 Bf5 13.Rc1 b5 14.a3 Nxc2+ 15.Rxc2 Bxc2
16.Qxc2 b4 17.Na4 Qxd5 18.Nb6 Qe6 19.Kf2 Rab8 20.Qc5 b3 21.Nf4 Qf6 22.Rb1 Rfd8
23.Nbd5 Qd6 24.Nxe7+ Kh8 25.Nc6 Qxc5 26.Bxc5 Rdc8 27.Nxb8 Rxc5 28.Ne2 Rc2
29.Rc1 Bxb2 30.Rxc2 bxc2 31.a4 Kg7 32.Nc6 Kf6 33.Nxa5 c1=Q 34.Nxc1 Bxc1 35.Ke2 Ke6
36.Kd3 Kd5 37.g3 Bg5 38.Nc4 Kc5 39.Ne5 Kb4 40.Nxf7 Bf6 41.Ke4 Kxa4 42.Kd5 Kb4
43.Ke6 Bd4 44.Ng5 h6 45.Ne4 Kc4 46.Kf7 g5 47.Kg6 Kd3 48.Kxh6 g4 49.Ng5 Bg1
50.Kh5 gxf3 51.Nxf3 Be3 52.h4 Ke4 53.Kg4 Bc1 54.h5 Be3 55.Nh4 Ke5 56.Nf5 Bc1
57.h6 Ke6 58.Nd4+ Kf6 59.Kh5 Bd2 60.g4 Bc1 61.Nf5 Kf7 62.g5 Bb2 63.g6+ Kf6
64.Nd6  1-0

[Event "zt 1.5"]
[Site "Yerevan ARM"]
[Date "2000.06.12"]
[Round "6"]
[White "Yegiazarian,A"]
[Black "Ivanisevic,I"]
[Result "1-0"]
[WhiteElo "2513"]
[BlackElo "2460"]

1.e4 c5 2.Nf3 Nc6 3.Nc3 d6 4.Bc4 Nf6 5.d4 cxd4 6.Nxd4 Qb6 7.Nb3 e6 8.Bg5 a6
9.O-O Ne5 10.Be2 Be7 11.Kh1 h6 12.Be3 Qc7 13.f4 Ned7 14.a4 b6 15.Bf3 Bb7
16.Qe1 h5 17.Bf2 e5 18.fxe5 dxe5 19.Bh4 Bb4 20.Rd1 Bxc3 21.bxc3 O-O-O 22.a5 b5
23.Qe3 Kb8 24.Rd3 Rc8 25.Rfd1 Bc6 26.h3 Qa7 27.Qg5 Rh7 28.Bg3 Qc7 29.Nc5 Ka7
30.Nxd7 Nxd7 31.Qe7 Nf8 32.Qc5+ Ka8 33.Rd6 Ne6 34.Qxe5 Qb7 35.Bxh5 f6 36.Qxe6 Rxh5
37.Rxc6 Qxc6 38.Rd6 Qc5 39.Rxa6+ Kb7 40.Rb6+ Ka8 41.Qd7  1-0

[Event "IHEM"]
[Site "Hamburg GER"]
[Date "2000.06.13"]
[Round "4"]
[White "Hector,J"]
[Black "Georgiev,Vl"]
[Result "0-1"]
[WhiteElo "2515"]
[BlackElo "2538"]

1.e4 c5 2.Nf3 Nc6 3.Nc3 g6 4.d4 cxd4 5.Nxd4 Bg7 6.Be3 Nf6 7.Bc4 O-O 8.Bb3 d6
9.f3 Bd7 10.Qe2 Qa5 11.O-O-O Rfc8 12.g4 Ne5 13.g5 Nh5 14.Nd5 Qd8 15.f4 Bg4
16.Qg2 Bxd1 17.fxe5 dxe5 18.Nb5 Bxc2 19.Bxc2 e6 20.Ndc3 a6 21.Na7 Rc4 22.Qe2 Rd4
23.Nab5 axb5 24.Qxb5 Nf4 25.Kb1 Qd6 26.Qxb7 Rb8 27.Qa7 Qb4 28.Na4 Rc8 29.Nb6 Rxc2
30.Kxc2 Rd6 31.Qa8+ Bf8 32.a3 Qb5 33.Kb1 Qd3+ 34.Ka2 Rd8 35.Qa5 Qxe3 36.Nd5 exd5
37.Qxd8 d4  0-1

[Event "IV Pablo Gorbea Mem Open"]
[Site "Madrid ESP"]
[Date "2000.06.13"]
[Round "4"]
[White "Reinaldo Castineira,R"]
[Black "Tallarico Tallarico,O"]
[Result "1/2-1/2"]
[WhiteElo "2345"]
[BlackElo "2226"]

1.e4 c5 2.Nc3 Nc6 3.Nge2 g6 4.d4 cxd4 5.Nxd4 Bg7 6.Be3 Nf6 7.Bc4 Qa5 8.O-O O-O
9.Bb3 d6 10.h3 Bd7 11.Re1 Nxd4 12.Bxd4 Bc6 13.Nd5 Bxd5 14.Bxd5 Nxd5 15.exd5 Rfe8
16.Bxg7 Kxg7 17.Qd4+ Kg8 18.Re4 Rac8 19.c3 b5 20.Qd3 Rc7 21.a3 Qb6 22.Rae1 Qb7
23.R1e2 Rc5 24.Rd4 Rec8 25.Ree4 Rc4 26.Rxc4 Rxc4 27.Rxc4 bxc4 28.Qxc4 Qxb2
29.Qb4 Qc1+ 30.Kh2 a5  1/2-1/2

[Event "Parkroyal Int"]
[Site "Surfers Paradise AUS"]
[Date "2000.06.15"]
[Round "9"]
[White "Weeks,Ma"]
[Black "Saw,G"]
[Result "1/2-1/2"]
[WhiteElo "2249"]
[BlackElo "2264"]

1.e4 c5 2.Nf3 Nc6 3.Nc3 g6 4.Bb5 Nd4 5.O-O Nxb5 6.Nxb5 Bg7 7.d4 a6 8.Nc3 cxd4
9.Nxd4 d6 10.Nd5 e6 11.Nc3 Ne7 12.Bg5 h6 13.Bh4 O-O  1/2-1/2

[Event "ch-CRC"]
[Site "San Jose CRC"]
[Date "2000.06.20"]
[Round "2"]
[White "Murillo,A"]
[Black "Gonzalez,Bernal"]
[Result "1/2-1/2"]
[WhiteElo "2393"]
[BlackElo "2416"]

1.e4 c5 2.Nf3 Nc6 3.Nc3 g6 4.Bc4 Bg7 5.O-O d6 6.h3 a6 7.a4 e6 8.Re1 Nge7
9.d3 O-O 10.Bf4 Nd4 11.Nh2 Rb8 12.e5 dxe5 13.Bxe5 Bxe5 14.Rxe5 b5 15.axb5 axb5
16.Ba2 Qd6 17.Re1 Bb7 18.Ne4 Qc7 19.c3 Ndf5 20.Qd2 Kg7 21.Bb3 Rbd8 22.Bc2 Nd5
23.Ra7 Qb6 24.Rea1 Rd7 25.Nf3 f6 26.R1a6 Bxa6 27.Rxd7+ Rf7 28.Rxf7+ Kxf7
29.g4 Nd6 30.d4 cxd4 31.Nxd4 Nxe4 32.Bxe4 Qd6 33.Nb3 Bb7 34.Na5 Ba8  1/2-1/2

[Event "TCh-POR"]
[Site "Aveiro POR"]
[Date "2000.06.22"]
[Round "6"]
[White "Mitkov,N"]
[Black "Pinheiro,J"]
[Result "1-0"]
[WhiteElo "2547"]
[BlackElo "2272"]

1.e4 c5 2.Nc3 Nc6 3.Nf3 g6 4.d4 cxd4 5.Nxd4 Bg7 6.Be3 Nf6 7.Bc4 O-O 8.Bb3 Qa5
9.O-O d6 10.h3 Bd7 11.Re1 Nxd4 12.Bxd4 Bc6 13.Nd5 Rae8 14.Bc3 Qd8 15.Nxf6+ Bxf6
16.Bxf6 exf6 17.Qd4 Re5 18.f4 Rc5 19.Rad1 a5 20.a4 Re8 21.Kh2 Qe7 22.Qxd6 Qxd6
23.Rxd6 Kg7 24.c3 Re7 25.Rd4 g5 26.g3 Rf5 27.Rdd1 Rxe4 28.Rxe4 Bxe4 29.Rd4 Bc6
30.Bc2 Rc5 31.Kg1 h6 32.Kf2 Bd5 33.Bd3 Bc6 34.Ke3 Bg2 35.h4 Rc7 36.Kd2 Bc6
37.Bc2 Kf8 38.b4 Rc8 39.Bf5 Ra8 40.b5 Bg2 41.c4 Ke7 42.Ke3 gxh4 43.gxh4 Rg8
44.Rd1 Rd8 45.Rg1  1-0

[Event "XVIII Open"]
[Site "Andorra AND"]
[Date "2000.06.24"]
[Round "1"]
[White "Hamdouchi,H"]
[Black "Aalders,H"]
[Result "1-0"]
[WhiteElo "2513"]
[BlackElo "2105"]

1.e4 c5 2.Nc3 Nc6 3.Nge2 g6 4.d4 cxd4 5.Nxd4 Bg7 6.Be3 d6 7.Qd2 Nf6 8.f3 O-O
9.Bc4 a6 10.O-O-O Bd7 11.h4 Qa5 12.Bb3 Rfc8 13.h5 Nxh5 14.g4 Nxd4 15.Bxd4 Bxd4
16.Qxd4 Nf4 17.Bxf7+ Kxf7 18.Rxh7+ Ke6 19.Nd5 Ne2+ 20.Kb1 Re8 21.Rxe7+  1-0

[Event "zt 1.4"]
[Site "Budapest HUN"]
[Date "2000.06.24"]
[Round "8"]
[White "Varga,Zo"]
[Black "Meduna,E"]
[Result "0-1"]
[WhiteElo "2530"]
[BlackElo "2495"]

1.e4 c5 2.Nf3 Nc6 3.Nc3 e5 4.Bc4 g6 5.a3 Bg7 6.d3 Nge7 7.Ng5 O-O 8.h4 b5
9.Nxb5 d5 10.exd5 Nxd5 11.Qf3 e4 12.dxe4 Ne5 13.Qe2 Nxc4 14.Qxc4 Nb6 15.Qxc5 Ba6
16.Nd6 h6 17.Nf3 Qe7 18.Qa5 Bc4 19.Nxc4 Nxc4 20.Qd5 Nxb2 21.e5 Rad8 22.Qb3 Rd1+
23.Ke2 Rxh1 24.Bxb2 Rxa1 25.Bxa1 Rc8 26.Bd4 Qc7 27.c3 Bf8 28.e6 Re8 29.Be5 Bd6
30.Bxd6 Qxd6 31.Nd4 fxe6 32.Qb7 e5 33.Nb5 Qc5 34.Qa6 Qc4+ 35.Kd2 Rd8+ 36.Kc2 Qa2+  0-1

[Event "It"]
[Site "Valjevo YUG"]
[Date "2000.06.25"]
[Round "8"]
[White "Sedlak,N"]
[Black "Pikula,D"]
[Result "1/2-1/2"]
[WhiteElo "2323"]
[BlackElo "2476"]

1.e4 c5 2.Nc3 Nc6 3.Nf3 g6 4.d4 cxd4 5.Nxd4 Nf6 6.Be3 Bg7 7.Bc4 Qa5 8.Nb3 Qc7
9.Bg5 O-O 10.Be2 Qd8 11.Qd2 Re8 12.Bh6  1/2-1/2

[Event "White Nights Open"]
[Site "St Petersburg RUS"]
[Date "2000.06.26"]
[Round "4"]
[White "Guseinov,K"]
[Black "Smirnov,Ar"]
[Result "1-0"]
[WhiteElo "2324"]
[BlackElo "2210"]

1.e4 c5 2.Nf3 Nc6 3.Nc3 d6 4.d4 cxd4 5.Nxd4 Nf6 6.Bg5 e6 7.Qd2 a6 8.O-O-O Bd7
9.f4 b5 10.Nxc6 Bxc6 11.Qe1 Be7 12.Bxf6 Bxf6 13.e5 Be7 14.exd6 Bxd6 15.f5 Qe7
16.fxe6 fxe6 17.Ne4 Bf4+ 18.Kb1 O-O 19.Bd3 a5 20.h4 Rae8 21.Qe2 a4 22.g3 Bc7
23.Bxb5 Bxb5 24.Qxb5 Rb8 25.Qxa4 Be5 26.c3 Qb7 27.Rh2 Rfc8 28.Qc2 Qa6 29.Qd3 Qa5
30.Ng5 Qxc3 31.Qxc3 Rxc3 32.Nxe6 Rxg3 33.Re2 Bf6 34.h5 Kf7 35.Rd7+ Ke8 36.Nc5+ Kf8
37.Ne6+ Ke8 38.Nc5+ Kf8 39.Nb7 Rg1+ 40.Kc2 Rg5 41.a4 Rxh5 42.b4 Rh3 43.Re4 Rc3+
44.Kd2 h5 45.Nc5 Ra3 46.b5 Kg8 47.Rd5 h4 48.Nd7 Bc3+ 49.Ke2 Rc8 50.b6 Ra2+
51.Kf3 Ba1 52.b7 Rc3+ 53.Re3  1-0

[Event "XVIII Open"]
[Site "Andorra AND"]
[Date "2000.06.27"]
[Round "4"]
[White "Al Modiahki,M"]
[Black "Ramesh,R"]
[Result "0-1"]
[WhiteElo "2538"]
[BlackElo "2443"]

1.e4 c5 2.Nf3 Nc6 3.Nc3 d6 4.d4 cxd4 5.Nxd4 Nf6 6.g3 g6 7.Nde2 b6 8.Bg2 Bb7
9.O-O Bg7 10.h3 O-O 11.Bg5 Rc8 12.Qd2 a6 13.Bh6 Bxh6 14.Qxh6 e6 15.Rad1 Qe7
16.Rd2 b5 17.Qe3 Rfd8 18.Rfd1 Qc7 19.g4 Na5 20.b3 Ne8 21.a4 b4 22.Na2 Nc6
23.Nd4 Nxd4 24.Qxd4 a5 25.c3 e5 26.Qe3 bxc3 27.Rc2 Qc5 28.Qxc5 Rxc5 29.Rxc3 Rdc8
30.Rdd3 Kf8 31.Rxc5 Rxc5 32.Nc3 Nc7 33.Bf1 Ne6 34.Nb5 Bxe4 35.Re3 d5 36.f3 Bc2
37.Rxe5 Bxb3 38.Nd6 Bxa4 39.Nb7 Rc3 40.Kf2 Bd1 41.Nxa5 Bxf3 42.Re3 Rxe3 43.Kxe3 Bd1
44.Nc6 Ba4 45.Nb4 Bb3 46.Bg2 d4+ 47.Ke4 Ke7 48.g5 Kd6 49.h4 Kc5 50.Nd3+ Kc4
51.Nf2 Kc3 52.Ke5 d3 53.Bc6 d2 54.Ne4+ Kc2 55.Nxd2 Kxd2 56.Kf6 Nd4  0-1

[Event "White Nights Women"]
[Site "St Petersburg RUS"]
[Date "2000.06.28"]
[Round "5"]
[White "Sudakova,I"]
[Black "Eidelson,R"]
[Result "0-1"]
[WhiteElo "2213"]
[BlackElo "2333"]

1.e4 c5 2.Nc3 Nc6 3.Nge2 a6 4.d4 cxd4 5.Nxd4 e5 6.Nxc6 bxc6 7.Bc4 Nf6 8.O-O Be7
9.f4 d6 10.fxe5 Qb6+ 11.Kh1 dxe5 12.Qe1 O-O 13.Bb3 Be6 14.Bg5 h6 15.Bh4 Qc7
16.Qe2 Bg4 17.Qe3 Nh5 18.Bxe7 Qxe7 19.Na4 Rad8 20.Nc5 Nf4 21.Nxa6 Be2 22.Rxf4 exf4
23.Qxe2 Rd4 24.e5 Rfd8 25.Rg1 Kh8 26.a3 c5 27.h3 f5 28.e6 Re4 29.Qb5 f3 30.Qf1 c4
31.Bxc4 fxg2+ 32.Qxg2 Rxc4 33.Nb4 Rg8 34.Re1 Qh4 35.Re2 Rg4 36.Qh2 Rg3 37.e7 Re8
38.Qf2 Qxh3+ 39.Qh2 Qf1+  0-1

[Event "AKN Open"]
[Site "Haarlem NED"]
[Date "2000.06.30"]
[Round "2"]
[White "Hendriks,R"]
[Black "Gofshtein,L"]
[Result "0-1"]
[WhiteElo "2098"]
[BlackElo "2580"]

1.e4 c5 2.Nc3 Nc6 3.Nge2 d6 4.d4 cxd4 5.Nxd4 Nf6 6.Bc4 Qb6 7.Nxc6 bxc6 8.O-O g6
9.Be3 Qc7 10.f4 Bg7 11.h3 O-O 12.Qd2 Bb7 13.Rae1 Rad8 14.Bd3 d5 15.Bc5 Rfe8
16.Qf2 dxe4 17.Nxe4 Nd7 18.c3 Nb6 19.Rd1 Bc8 20.Bc2 Be6 21.Ng5 Bc4 22.Rxd8 Rxd8
23.Re1 e6 24.b3 Bd3 25.f5 Bxf5 26.Bxf5 gxf5 27.Bd4 h6 28.Nf3 Nd7 29.Ne5 c5  0-1

[Event "Australian Masters"]
[Site "Melbourne AUS"]
[Date "2000.07.01"]
[Round "8"]
[White "West,G"]
[Black "Rujevic,M"]
[Result "1-0"]
[WhiteElo "2372"]
[BlackElo "2350"]

1.e4 c5 2.Nc3 Nc6 3.Nge2 g6 4.d4 cxd4 5.Nxd4 Bg7 6.Be3 d6 7.Bc4 Nf6 8.f3 O-O
9.Qd2 a6 10.Bb3 Na5 11.O-O-O Qc7 12.h4 Nc4 13.Bxc4 Qxc4 14.h5 e5 15.Nb3 Be6
16.hxg6 fxg6 17.Qxd6 Rfe8 18.Qc5 b5 19.Na5 Qxc5 20.Bxc5 Rac8 21.Bb4 Nd7 22.a3 Nc5
23.Rd6 Bc4 24.Nxc4 bxc4 25.Bxc5 Rxc5 26.Rxa6 Rc7 27.Nd5 Rb7 28.Rc6 Reb8 29.Nb4 Bf8
30.c3 Bxb4 31.axb4 Rd7 32.Rd1  1-0